MARC details
| 000 -CABECERA |
| campo de control de longitud fija |
03891nam a22003974i 4500 |
| 001 - NÚMERO DE CONTROL |
| campo de control |
991061596585706706 |
| 003 - IDENTIFICADOR DEL NÚMERO DE CONTROL |
| campo de control |
ES-BaIT |
| 005 - FECHA Y HORA DE LA ÚLTIMA TRANSACCIÓN |
| campo de control |
20260121085826.0 |
| 008 - DATOS DE LONGITUD FIJA--INFORMACIÓN GENERAL |
| campo de control de longitud fija |
260121e202511 sp 000 d spa c |
| 017 ## - NÚMERO DE COPYRIGHT O DE DEPÓSITO LEGAL |
| Número de copyright o de depósito legal |
DL M-21286-2025 |
| Agencia que asigna |
Oficina DL Madrid |
| 020 ## - NÚMERO INTERNACIONAL ESTÁNDAR DEL LIBRO |
| Número Internacional Estándar del Libro |
9791387624224 |
| 040 ## - FUENTE DE LA CATALOGACIÓN |
| Centro catalogador/agencia de origen |
ES-BaIT |
| Lengua de catalogación |
cat |
| Normas de descripción |
rda |
| Centro/agencia transcriptor |
ES-BaIT |
| 080 ## - NÚMERO DE LA CLASIFICACIÓN DECIMAL UNIVERSAL |
| Número de la Clasificación Decimal Universal |
860(82)-2"19" |
| 100 ## - ENTRADA PRINCIPAL--NOMBRE DE PERSONA |
| Nombre de persona |
Despeyroux, Denise |
| Término indicativo de función/relación |
autor |
| 9 (RLIN) |
121776 |
| 245 10 - MENCIÓN DE TÍTULO |
| Título |
Teatro denisíaco / |
| Mención de responsabilidad, etc. |
Denise Despeyroux |
| 250 ## - MENCIÓN DE EDICIÓN |
| Mención de edición |
Primera edición |
| 264 #1 - PRODUCCIÓN, PUBLICACIÓN, DISTRIBUCIÓN, FABRICACIÓN Y COPYRIGHT |
| Producción, publicación, distribución, fabricación y copyright |
Madrid : |
| Nombre del de productor, editor, distribuidor, fabricante |
Punto de Vista Editores, |
| Fecha de producción, publicación, distribución, fabricación o copyright |
noviembre 2025 |
| 300 ## - DESCRIPCIÓN FÍSICA |
| Extensión |
490 pàgines ; |
| Dimensiones |
23 cm |
| 336 ## - TIPO DE CONTENIDO |
| Término de tipo de contenido |
text |
| Código de tipo de contenido |
txt |
| Fuente |
rdacontent |
| 337 ## - TIPO DE MEDIO |
| Nombre/término del tipo de medio |
sense mediació |
| Código del tipo de medio |
n |
| Fuente |
rdamedia |
| 338 ## - TIPO DE SOPORTE |
| Nombre/término del tipo de soporte |
volum |
| Código del tipo de soporte |
nc |
| Fuente |
rdacarrier |
| 490 1# - MENCIÓN DE SERIE |
| Mención de serie |
Colección Ómnibus Teatro. Obras ; |
| Designación de volumen o secuencia |
30 |
| 505 8# - NOTA DE CONTENIDO CON FORMATO |
| Nota de contenido con formato |
Conté: Prólogo: Teatro denisíaco o cómo salir del laberinto de Ariadna -- Obras: La tentación de vivir ; El planeta añil ; Paciencia debe morir ; Tiempos mezquinos ; La omisión del si bemol tres ; Salvar a Apollinaire ; Misericordia |
| 520 ## - SUMARIO, ETC. |
| Sumario, etc. |
"Denise Despeyroux ha construido en los últimos años una de las trayectorias más singulares de la dramaturgia contemporánea. Su teatro, traducido, representado y estudiado en numerosos países, se caracteriza por esa mezcla de humor inquietante, hondura filosófica y ternura inesperada que lo hace inconfundible. «Teatro denisíaco» reúne siete piezas fundamentales escritas entre 2015 y 2025, precedidas por un prólogo que funciona como confesión íntima y manifiesto estético. Allí, la autora evoca el mito de Ariadna y el laberinto como metáforas de la creación y la vida, invitando al lector y al espectador a perderse en un territorio donde la verdad aparece disfrazada de paradoja, y la comedia convive con la herida.Las obras aquí reunidas —«La tentación de vivir», «El planeta añil», «Paciencia debe morir», «Tiempos mezquinos», «La omisión del si bemol tres», «Salvar a Apollinaire» y «Misericordia»— componen un mosaico de personajes que buscan, tropiezan y a veces se reinventan. Desde la comedia romántica teñida de desesperación hasta los juegos de la memoria y la traición, el teatro de Despeyroux se sostiene en un pulso verbal deslumbrante y en una estructura dramática que sorprende por su libertad. Lo que comienza como una situación reconocible –una conversación de pareja, una reunión de terapia, una sala de hospital– se transforma pronto en un territorio de extrañeza, donde lo cotidiano roza lo absurdo y lo fantástico para revelar el fondo de la experiencia humana.Su teatro interroga la identidad, el deseo, la fragilidad y la esperanza con una escritura que no teme a la confesión ni a la ironía, a la ternura ni a la crueldad. Como el hilo de Ariadna, estas obras trazan un recorrido posible para escapar del laberinto y, al mismo tiempo, enseñan que quizás el verdadero viaje consista en aprender a habitarlo. «Teatro denisíaco» es, así, una invitación a entrar en un universo propio, donde el amor y la traición, la memoria y el olvido, lo sagrado y lo cómico, se entrelazan en un mismo gesto teatral." -- Contracoberta |
| 700 1# - ENTRADA AGREGADA--NOMBRE PERSONAL |
| Información de relación/Frase instructiva de referencia |
Contenidor de (obra) : |
| Nombre de persona |
Despeyroux, Denise. |
| Título de la obra |
Tentación de vivir |
| 9 (RLIN) |
168093 |
| 700 1# - ENTRADA AGREGADA--NOMBRE PERSONAL |
| Información de relación/Frase instructiva de referencia |
Contenidor de (obra) : |
| Nombre de persona |
Despeyroux, Denise. |
| Título de la obra |
Planeta añil |
| 9 (RLIN) |
168094 |
| 700 1# - ENTRADA AGREGADA--NOMBRE PERSONAL |
| Información de relación/Frase instructiva de referencia |
Contenidor de (obra) : |
| Nombre de persona |
Despeyroux, Denise. |
| Título de la obra |
Paciencia debe morir |
| 9 (RLIN) |
168095 |
| 700 1# - ENTRADA AGREGADA--NOMBRE PERSONAL |
| Información de relación/Frase instructiva de referencia |
Contenidor de (obra) : |
| Nombre de persona |
Despeyroux, Denise. |
| Título de la obra |
Tiempos mezquinos |
| 9 (RLIN) |
168096 |
| 700 1# - ENTRADA AGREGADA--NOMBRE PERSONAL |
| Información de relación/Frase instructiva de referencia |
Contenidor de (obra) : |
| Nombre de persona |
Despeyroux, Denise. |
| Título de la obra |
Omisión del si bemol tres |
| 9 (RLIN) |
168097 |
| 700 1# - ENTRADA AGREGADA--NOMBRE PERSONAL |
| Información de relación/Frase instructiva de referencia |
Contenidor de (obra) : |
| Nombre de persona |
Despeyroux, Denise. |
| Título de la obra |
Salvar a Apollinaire |
| 9 (RLIN) |
168098 |
| 700 1# - ENTRADA AGREGADA--NOMBRE PERSONAL |
| Información de relación/Frase instructiva de referencia |
Contenidor de (obra) : |
| Nombre de persona |
Despeyroux, Denise. |
| Título de la obra |
Misericordia |
| 9 (RLIN) |
168099 |
| 830 #0 - PUNTO DE ACCESO ADICIONAL DE SERIE-TÍTULO UNIFORME |
| Título uniforme |
Ómnibus teatro. |
| Nombre de parte o sección de la obra |
Serie Obras |
| Designación de volumen o secuencia |
30 |
| 9 (RLIN) |
156688 |
| 908 ## - COLOCAR PARÁMETRO DE COMANDO (RLIN) |
| Colocar parámetro de comando |
CDMAE |
| 940 ## - EQUIVALENCIA O REFERENCIA-CRUZADA--TÍTULO UNIFORME [OBSOLETO] [solamente CAN/MARC] |
| Título uniforme |
<a href="CDMAE">CDMAE</a> |
| 942 ## - ELEMENTOS DE ENTRADA AGREGADA (KOHA) |
| Fuente del sistema de clasificación o colocación |
Clasificación decimal universal |
| Tipo de ítem Koha |
Llibre |